Las migraciones laborales en América Latina: diagnóstico demográfico Argentina

Saved in:
Bibliografiske detaljer
Corporate Authors: OEA (Author), Organización de Estados Americanos (Author)
Format: Bog
Sprog:spansk
Udgivet: Washington, D.C OEA 1985
Fag:
Tags: Tilføj Tag
Ingen Tags, Vær først til at tagge denne postø!

MARC

LEADER 00000nam a2200000 a 4500
001 UCR9285
003 CL-VaPUC
008 980613e19850000US |||||||||||||||||spa|d
082 0 4 |a 304.66  |b OEA  |2 21 
110 2 |a OEA  |e author  |9 411635 
710 2 |a Organización de Estados Americanos  |e author  |9 411636 
245 1 4 |a Las migraciones laborales en América Latina: diagnóstico demográfico Argentina 
300 |a 86 p 
942 |c BK 
945 |d 19980613 00:00:00  |a crobeson 
260 |a Washington, D.C  |b OEA  |c 1985 
650 0 |a Inmigración  |9 268290 
650 0 |a Migraciones   |9 377610 
650 0 |a Urbanización   |9 265706 
650 7 |a MEDIO RURAL  |2 CL-VaPUC  |9 356509 
650 0 |a Desempleo   |9 257579 
650 0 |a Emigración  |9 343094 
650 0 |a Mercados  |9 338624 
650 0 |a Producción   |9 263680 
650 0 |a Fronteras  |9 338773 
650 0 |a Colonización  |9 265172 
651 0 |a Argentina  |9 254888 
651 0 |a América Latina   |9 255027 
583 |a last modification  |c 19980613 00:00:00  |k Rodrigo Vera 
999 |c 270485  |d 270483 
952 |0 0  |1 0  |4 0  |6 304_660000000000000_OEA_1985  |7 0  |8 P  |9 304798  |a BIBENE  |b BIBENE  |d 2019-11-20  |i 3277097  |o 304.66 OEA 1985  |p 3277097  |r 2025-01-15  |w 2019-11-20  |y BK  |k ICO